[Event "Uljanovsk-ch"]
[Site "Uljanovsk"]
[Date "2009.03.21"]
[Round "8"]
[White "Krivosheev, Vladimir"]
[Black "Olisov, Andrey"]
[Result "1/2-1/2"]
[WhiteElo "2137"]
[BlackElo "2104"]
[PlyCount "68"]
[EventDate "2009.03.14"]
[EventType "swiss"]
[EventRounds "9"]
[EventCountry "RUS"]
[SourceTitle "EXT 2010"]
[Source "ChessBase"]
[SourceDate "2010.11.25"]
[SourceVersion "1"]
[SourceVersionDate "2010.11.25"]
[SourceQuality "1"]

1. d4 Nf6 2. Bg5 Ne4 3. Bf4 e6 4. Nd2 Nxd2 5. Qxd2 d5 6. Nf3 Be7 7. e3 0-0 8. Bd3 f5 9. h3 Nd7 10. Ne5 Nf6 11. Qe2 c5 12. c3 Bd7 13. g4 Ne4 14. gxf5 exf5 15. 0-0-0 Ba4 16. Rdg1 cxd4 17. exd4 Rc8 18. Bxe4 dxe4 19. Kb1 Qb6 20. Ka1 Qa5 21. Kb1 Qb6 22. Qd2 Bf6 23. Rg3 Rfd8 24. Rhg1 Qe6 25. Qe2 Be8 26. h4 b5 27. h5 b4 28. Bg5 Bxg5 29. Rxg5 Rc7 30. Qe3 bxc3 31. bxc3 Rb8+ 32. Ka1 Rbb7 33. f3 Qb6 34. R5g2 Re7 1/2-1/2

[Event "Uljanovsk-ch"]
[Site "Uljanovsk"]
[Date "2009.03.20"]
[Round "7"]
[White "Anikin, Victor"]
[Black "Krivosheev, Vladimir"]
[Result "0-1"]
[WhiteElo "1881"]
[BlackElo "2137"]
[PlyCount "78"]
[EventDate "2009.03.14"]
[EventType "swiss"]
[EventRounds "9"]
[EventCountry "RUS"]
[SourceTitle "EXT 2010"]
[Source "ChessBase"]
[SourceDate "2010.11.25"]
[SourceVersion "1"]
[SourceVersionDate "2010.11.25"]
[SourceQuality "1"]

1. c4 e6 2. Qc2 b6 3. Nh3 Bb7 4. f3 f5 5. a3 Nf6 6. b4 c5 7. bxc5 Bxc5 8. Bb2 Nc6 9. e3 0-0 10. d4 Be7 11. Bd3 Rc8 12. Qe2 d6 13. 0-0 Qd7 14. Nd2 e5 15. Rad1 exd4 16. exd4 Rce8 17. Nf4 Nd8 18. Rfe1 d5 19. Qf2 Bd6 20. Nxd5 Nxd5 21. cxd5 Bxd5 22. Nc4 Bxc4 23. Bxc4+ Kh8 24. Bd3 Ne6 25. Qf1 Qf7 26. Bb5 Rc8 27. Re2 Nf4 28. Red2 Qh5 29. g3 Nd5 30. Rc1 Ne3 31. Qe2 f4 32. g4 Qh3 33. Bc6 h5 34. gxh5 Rf5 35. Kh1 Rg5 36. d5 Nf5 37. Rg1 Rxg1+ 38. Kxg1 Bc5+ 39. Kh1 Ng3# 0-1

[Event "Uljanovsk-ch"]
[Site "Uljanovsk"]
[Date "2009.03.18"]
[Round "5"]
[White "Parshakov, Vladimir"]
[Black "Krivosheev, Vladimir"]
[Result "1/2-1/2"]
[WhiteElo "2044"]
[BlackElo "2137"]
[PlyCount "86"]
[EventDate "2009.03.14"]
[EventType "swiss"]
[EventRounds "9"]
[EventCountry "RUS"]
[SourceTitle "EXT 2010"]
[Source "ChessBase"]
[SourceDate "2010.11.25"]
[SourceVersion "1"]
[SourceVersionDate "2010.11.25"]
[SourceQuality "1"]

1. e4 c5 2. Nf3 Nc6 3. d4 cxd4 4. Nxd4 e5 5. Nb3 Nf6 6. Nc3 Bb4 7. Bg5 h6 8. Bxf6 Bxc3+ 9. bxc3 Qxf6 10. Be2 0-0 11. 0-0 d6 12. Qd2 Qg6 13. Rfd1 Bh3 14. Bf3 Rad8 15. Kh1 Be6 16. Qe3 f5 17. Rd2 fxe4 18. Bxe4 Bf5 19. Bxf5 Qxf5 20. Rad1 Rf6 21. f3 b6 22. Rd3 Ne7 23. c4 Qh5 24. Nd2 Rf4 25. Ne4 Nf5 26. Qf2 Nd4 27. c3 Ne6 28. Rxd6 Re8 29. Rd7 Ref8 30. Qg3 R4f7 31. h3 Qf5 32. Qg4 Qxg4 33. hxg4 Nf4 34. c5 bxc5 35. Nxc5 Rc8 36. Ne4 Rxd7 37. Rxd7 Ne2 38. Rxa7 Nxc3 39. Nxc3 Rxc3 40. a4 Ra3 41. a5 Kf8 42. a6 Kg8 43. g5 hxg5 1/2-1/2

[Event "Uljanovsk Petrosian Memorial op"]
[Site "Uljanovsk"]
[Date "2008.06.19"]
[Round "5"]
[White "Krivosheev, Vladimir"]
[Black "Yakimkin, Igor"]
[Result "1/2-1/2"]
[WhiteElo "2164"]
[BlackElo "2108"]
[PlyCount "66"]
[EventDate "2008.06.14"]
[EventType "swiss"]
[EventRounds "9"]
[EventCountry "RUS"]
[SourceTitle "EXT 2022"]
[Source "ChessBase"]
[SourceDate "2021.10.06"]
[SourceVersion "1"]
[SourceVersionDate "2021.10.06"]
[SourceQuality "1"]

1. e4 c5 2. Nf3 Nc6 3. c3 d6 4. d4 Nf6 5. d5 Ne5 6. Nxe5 dxe5 7. Bg5 Bd7 8. Bd3 Qc8 9. c4 e6 10. Nc3 Be7 11. dxe6 Bxe6 12. Bh4 0-0 13. Bg3 Rd8 14. Qe2 Bd6 15. 0-0 h6 16. Nd5 Bxd5 17. cxd5 Re8 18. b3 g5 19. Rac1 Kg7 20. f3 Qd8 21. Be1 Qe7 22. g3 Rac8 23. Bc3 Nd7 24. f4 f6 25. f5 Rh8 26. Bd2 Rcg8 27. Be3 h5 28. Bb5 b6 29. h3 Kf7 30. a3 Nb8 31. Rb1 h4 32. g4 Rc8 33. Rfc1 Rhd8 1/2-1/2

[Event "Uljanovsk Petrosian Memorial op"]
[Site "Uljanovsk"]
[Date "2008.06.15"]
[Round "2"]
[White "Naumetov, Robert"]
[Black "Krivosheev, Vladimir"]
[Result "1/2-1/2"]
[WhiteElo "1947"]
[BlackElo "2164"]
[PlyCount "55"]
[EventDate "2008.06.14"]
[EventType "swiss"]
[EventRounds "9"]
[EventCountry "RUS"]
[SourceTitle "EXT 2022"]
[Source "ChessBase"]
[SourceDate "2021.10.06"]
[SourceVersion "1"]
[SourceVersionDate "2021.10.06"]
[SourceQuality "1"]

1. d4 d5 2. Nf3 e6 3. c4 f5 4. g3 Nf6 5. Bg2 c6 6. 0-0 Be7 7. b3 0-0 8. Ba3 Nbd7 9. Qc1 Ne4 10. Bxe7 Qxe7 11. Qb2 Re8 12. Ne5 Nxe5 13. dxe5 Rf8 14. Na3 Bd7 15. Nc2 Be8 16. Ne1 g5 17. Nd3 Rf7 18. f4 Nc5 19. Rfd1 dxc4 20. bxc4 Rd8 21. Qb4 Nxd3 22. Qxe7 Rxe7 23. Rxd3 Rxd3 24. exd3 Rd7 25. Bf1 c5 26. Rb1 b6 27. a4 Rb7 28. a5 1/2-1/2

[Event "Uljanovsk Bagirov Memorial"]
[Site "Uljanovsk"]
[Date "2007.08.18"]
[Round "3"]
[White "Krivosheev, Vladimir"]
[Black "Alekseev, Evgeni"]
[Result "1-0"]
[WhiteElo "2159"]
[BlackElo "2122"]
[PlyCount "45"]
[EventDate "2007.08.12"]
[EventType "swiss"]
[EventRounds "9"]
[EventCountry "RUS"]
[SourceTitle "EXT 2009"]
[Source "ChessBase"]
[SourceDate "2008.11.26"]
[SourceVersion "1"]
[SourceVersionDate "2008.11.26"]
[SourceQuality "1"]

1. d4 Nf6 2. Bg5 Ne4 3. Bf4 c5 4. f3 Qa5+ 5. c3 Nf6 6. d5 Qb6 7. b3 g6 8. e4 Bg7 9. Qd2 0-0 10. Bh6 e6 11. Bxg7 Kxg7 12. c4 d6 13. dxe6 Bxe6 14. Nc3 Nc6 15. Bd3 Nd7 16. Nge2 Nde5 17. 0-0 Rfe8 18. Bc2 Rad8 19. f4 Ng4 20. h3 Nf6 21. f5 Bc8 22. fxg6 Be6 23. gxf7 1-0

[Event "Uljanovsk Bagirov Memorial"]
[Site "Uljanovsk"]
[Date "2007.08.12"]
[Round "1"]
[White "Krivosheev, Vladimir"]
[Black "Filonov, Konstantin"]
[Result "1-0"]
[WhiteElo "2159"]
[BlackElo "1913"]
[PlyCount "77"]
[EventDate "2007.08.12"]
[EventType "swiss"]
[EventRounds "9"]
[EventCountry "RUS"]
[SourceTitle "EXT 2009"]
[Source "ChessBase"]
[SourceDate "2008.11.26"]
[SourceVersion "1"]
[SourceVersionDate "2008.11.26"]
[SourceQuality "1"]

1. d4 d5 2. Nf3 Nf6 3. Bg5 e6 4. e3 Nbd7 5. c4 c6 6. Nc3 Qa5 7. Bxf6 Nxf6 8. Nd2 Bb4 9. Qc2 0-0 10. Bd3 Re8 11. 0-0 e5 12. cxd5 Bxc3 13. bxc3 cxd5 14. Rfe1 e4 15. Be2 Bd7 16. c4 Rac8 17. Qb2 Re6 18. c5 Re7 19. Rec1 Qc7 20. Rab1 Bg4 21. Bxg4 Nxg4 22. Nf1 f5 23. Qa3 Ra8 24. c6 bxc6 25. Rxc6 Qxc6 26. Qxe7 Qc2 27. Qe6+ Kh8 28. Qxd5 Rf8 29. Qxf5 Kg8 30. Qe6+ Kh8 31. Qf7 Qxf2+ 32. Qxf2 Nxf2 33. Rb7 Ng4 34. Rxa7 h6 35. h3 Nf6 36. a4 Rc8 37. a5 Nd5 38. Kf2 Rc2+ 39. Kg3 1-0

[Event "Uljanovsk Petrosian Memorial op"]
[Site "Uljanovsk"]
[Date "2007.06.23"]
[Round "7"]
[White "Makarenko, Vladimir"]
[Black "Krivosheev, Vladimir"]
[Result "0-1"]
[WhiteElo "2090"]
[BlackElo "2159"]
[PlyCount "88"]
[EventDate "2007.06.16"]
[EventType "swiss"]
[EventRounds "9"]
[EventCountry "RUS"]
[SourceTitle "EXT 2022"]
[Source "ChessBase"]
[SourceDate "2021.10.06"]
[SourceVersion "1"]
[SourceVersionDate "2021.10.06"]
[SourceQuality "1"]

1. c4 f5 2. d4 Nf6 3. d5 d6 4. Nf3 e5 5. Nc3 Be7 6. e3 0-0 7. Be2 Na6 8. 0-0 Nc5 9. b4 Nce4 10. Bb2 a5 11. a3 b6 12. Nd2 Qe8 13. Nb5 Bd8 14. Rc1 Bd7 15. f3 Ng5 16. Nc3 f4 17. exf4 exf4 18. Nce4 Nfxe4 19. fxe4 Nxe4 20. Nxe4 Qxe4 21. Bf3 Qg6 22. c5 axb4 23. axb4 bxc5 24. bxc5 Be7 25. cxd6 Bxd6 26. Re1 Rab8 27. Re2 Bg4 28. Kh1 Bxf3 29. gxf3 Qh5 30. Rg2 Rxb2 31. Rxb2 Ba3 32. Rcb1 Bxb2 33. Rxb2 Re8 34. Rb1 Re3 35. Rb8+ Kf7 36. d6 cxd6 37. Rb7+ Re7 38. Qb3+ Kf6 39. Rxe7 Kxe7 40. Qb7+ Kf6 41. Qa8 Qe5 42. Qf8+ Kg6 43. h4 Qe1+ 44. Kg2 Qg3+ 0-1

[Event "Uljanovsk Petrosian Memorial op"]
[Site "Uljanovsk"]
[Date "2007.06.19"]
[Round "5"]
[White "Krivosheev, Vladimir"]
[Black "Anikin, Victor"]
[Result "1-0"]
[WhiteElo "2159"]
[BlackElo "1935"]
[PlyCount "59"]
[EventDate "2007.06.16"]
[EventType "swiss"]
[EventRounds "9"]
[EventCountry "RUS"]
[SourceTitle "EXT 2022"]
[Source "ChessBase"]
[SourceDate "2021.10.06"]
[SourceVersion "1"]
[SourceVersionDate "2021.10.06"]
[SourceQuality "1"]

1. e4 a6 2. d4 b5 3. Nf3 e6 4. Bd3 Bb7 5. 0-0 d6 6. c3 Qe7 7. a4 c6 8. e5 Nd7 9. Bg5 f6 10. exf6 gxf6 11. Bh4 Nb6 12. Re1 Nxa4 13. Bf5 Bc8 14. Rxa4 bxa4 15. Qxa4 Qc7 16. Bxe6 Bxe6 17. Rxe6+ Kf7 18. Qc4 d5 19. Qe2 Be7 20. Nbd2 Nh6 21. Ng5+ fxg5 22. Bg3 Qd7 23. Rxh6 Bf6 24. Qh5+ Ke7 25. Rxf6 Kxf6 26. Be5+ Kf5 27. Qh3+ g4 28. Qh5+ Ke6 29. Qxg4+ Ke7 30. Qg7+ 1-0

[Event "Uljanovsk Petrosian Memorial op"]
[Site "Uljanovsk"]
[Date "2007.06.16"]
[Round "1"]
[White "Krivosheev, Vladimir"]
[Black "Olisov, Andrey"]
[Result "1/2-1/2"]
[WhiteElo "2159"]
[BlackElo "1861"]
[PlyCount "81"]
[EventDate "2007.06.16"]
[EventType "swiss"]
[EventRounds "9"]
[EventCountry "RUS"]
[SourceTitle "EXT 2022"]
[Source "ChessBase"]
[SourceDate "2021.10.06"]
[SourceVersion "1"]
[SourceVersionDate "2021.10.06"]
[SourceQuality "1"]

1. e4 c6 2. d4 d5 3. exd5 Qxd5 4. Nc3 Qa5 5. Bd3 Nf6 6. Nf3 Bg4 7. 0-0 e6 8. h3 Bh5 9. Bf4 Nbd7 10. Ne4 Nxe4 11. Bxe4 Nf6 12. Bd3 Be7 13. c3 0-0 14. Re1 Rac8 15. g4 Bg6 16. Ne5 Bxd3 17. Qxd3 Qd8 18. Rad1 Nd7 19. Bg3 Nxe5 20. Bxe5 Bd6 21. c4 Bxe5 22. dxe5 Qb6 23. Qa3 c5 24. Rd6 Qb4 25. Qxb4 cxb4 26. b3 Rc7 27. Red1 g5 28. Rd7 Rfc8 29. Kg2 a6 30. Kf3 b5 31. Rxc7 Rxc7 32. cxb5 axb5 33. Rd4 Rc3+ 34. Ke4 Kg7 35. f3 Kg6 36. Rxb4 Rc5 37. f4 gxf4 38. Kxf4 h5 39. a4 bxa4 40. bxa4 Rc3 41. h4 1/2-1/2

[Event "Uljanovsk-ch sf"]
[Site "Uljanovsk"]
[Date "2007.02.18"]
[Round "9"]
[White "Krivosheev, Vladimir"]
[Black "Shemetov, Stanislav"]
[Result "0-1"]
[WhiteElo "2150"]
[BlackElo "2076"]
[PlyCount "94"]
[EventDate "2007.02.10"]
[EventType "swiss"]
[EventRounds "9"]
[EventCountry "RUS"]
[SourceTitle "EXT 2019"]
[Source "ChessBase"]
[SourceDate "2018.10.10"]
[SourceVersion "1"]
[SourceVersionDate "2018.10.10"]
[SourceQuality "1"]

1. d4 Nf6 2. Bg5 b6 3. Bxf6 exf6 4. e3 Bb7 5. Nf3 d5 6. Bd3 Bd6 7. 0-0 0-0 8. Nbd2 Nd7 9. c4 c5 10. cxd5 Bxd5 11. Be4 Bxe4 12. Nxe4 Be7 13. d5 f5 14. Nc3 Bf6 15. Qc2 g6 16. Rad1 Ne5 17. Nxe5 Bxe5 18. f4 Bxc3 19. Qxc3 Qd6 20. g4 Qd7 21. Qf6 Rfe8 22. gxf5 Qxf5 23. Qxf5 gxf5 24. Kf2 Kg7 25. Rg1+ Kf6 26. Rg5 Rg8 27. h4 h6 28. Rxg8 Rxg8 29. Kf3 Ke7 30. a3 Kd6 31. b4 c4 32. a4 c3 33. e4 fxe4+ 34. Kxe4 c2 35. Rc1 Rc8 36. f5 a6 37. f6 b5 38. axb5 axb5 39. Kd3 Kxd5 40. h5 Ke5 41. Rxc2 Rxc2 42. Kxc2 Kxf6 43. Kd3 Kg5 44. Kd4 f5 45. Kc5 f4 46. Kxb5 f3 47. Kc6 f2 0-1

[Event "Uljanovsk-ch sf"]
[Site "Uljanovsk"]
[Date "2007.02.14"]
[Round "5"]
[White "Krivosheev, Vladimir"]
[Black "Sanatullin, Rinat"]
[Result "1/2-1/2"]
[WhiteElo "2150"]
[BlackElo "2184"]
[PlyCount "48"]
[EventDate "2007.02.10"]
[EventType "swiss"]
[EventRounds "9"]
[EventCountry "RUS"]
[SourceTitle "EXT 2019"]
[Source "ChessBase"]
[SourceDate "2018.10.10"]
[SourceVersion "1"]
[SourceVersionDate "2018.10.10"]
[SourceQuality "1"]

1. d4 Nf6 2. Bg5 g6 3. Bxf6 exf6 4. e3 Bg7 5. g3 0-0 6. Bg2 d6 7. Ne2 Nd7 8. 0-0 c5 9. c3 Rb8 10. Nd2 f5 11. Nf4 b5 12. a3 a5 13. b4 cxd4 14. cxd4 Nb6 15. Nb3 Nc4 16. Nd2 Nxd2 17. Qxd2 a4 18. Nd5 Be6 19. Rfc1 Bxd5 20. Bxd5 Rc8 21. Rc2 Qb6 22. Rxc8 Rxc8 23. Rc1 Rc7 24. Rxc7 Qxc7 1/2-1/2

[Event "Uljanovsk-ch sf"]
[Site "Uljanovsk"]
[Date "2007.02.11"]
[Round "2"]
[White "Krivosheev, Vladimir"]
[Black "Kolosov, Anatoly G1111"]
[Result "1-0"]
[WhiteElo "2150"]
[BlackElo "2044"]
[PlyCount "97"]
[EventDate "2007.02.10"]
[EventType "swiss"]
[EventRounds "9"]
[EventCountry "RUS"]
[SourceTitle "EXT 2019"]
[Source "ChessBase"]
[SourceDate "2018.10.10"]
[SourceVersion "1"]
[SourceVersionDate "2018.10.10"]
[SourceQuality "1"]

1. d4 d5 2. Nf3 e6 3. c3 Nf6 4. Bg5 Be7 5. Nbd2 0-0 6. Bxf6 Bxf6 7. e4 dxe4 8. Nxe4 Nd7 9. Bd3 Qe7 10. 0-0 g6 11. Nxf6+ Qxf6 12. Re1 c5 13. Bb5 cxd4 14. Bxd7 Bxd7 15. Qxd4 Qxd4 16. Nxd4 Rfe8 17. f4 Rad8 18. a4 Bc8 19. a5 f6 20. Kf2 Kf7 21. Ra4 Rd5 22. b4 e5 23. fxe5 fxe5 24. Nf3 Kf6 25. Ra2 Bg4 26. c4 Rd3 27. Rd2 Bf5 28. Rxd3 Bxd3 29. Nd2 Rd8 30. Rc1 Bf5 31. Ke2 e4 32. Rc3 Ke5 33. Ke3 Rc8 34. h3 h5 35. h4 g5 36. hxg5 Rg8 37. c5 Rxg5 38. Nc4+ Kd5 39. Kf4 Rg4+ 40. Kxf5 Kd4 41. Rc1 Rxg2 42. a6 bxa6 43. c6 Rg7 44. Ne5 Rc7 45. Rc4+ Kd5 46. Rxe4 Rc8 47. Ng6 Rc7 48. Ne7+ Kd6 49. Re6# 1-0

[Event "Uljanovsk Petrosian Memorial op"]
[Site "Uljanovsk"]
[Date "2006.05.28"]
[Round "3"]
[White "Krivosheev, Vladimir"]
[Black "Makarenko, Vladimir"]
[Result "1-0"]
[WhiteElo "2154"]
[BlackElo "2150"]
[PlyCount "91"]
[EventDate "2006.05.27"]
[EventType "swiss"]
[EventRounds "9"]
[EventCountry "RUS"]
[SourceTitle "EXT 2008"]
[Source "ChessBase"]
[SourceDate "2007.11.25"]
[SourceVersion "1"]
[SourceVersionDate "2007.11.25"]
[SourceQuality "1"]

1. d4 b6 2. e4 Bb7 3. Bd3 c5 4. c3 Nf6 5. Nd2 e6 6. Ngf3 cxd4 7. cxd4 Bb4 8. Qe2 d5 9. e5 Ne4 10. 0-0 Bxd2 11. Bxd2 Nxd2 12. Qxd2 Nd7 13. Rac1 f6 14. exf6 gxf6 15. Qh6 Kf7 16. Rfe1 Nf8 17. Qf4 Rc8 18. Rxc8 Bxc8 19. Rc1 Bd7 20. Rc7 Ke7 21. Rxa7 Ng6 22. Qh6 Qf8 23. Qc1 Qb8 24. Rc7 Rc8 25. Rxc8 Qxc8 26. Qxc8 Bxc8 27. Bxg6 hxg6 28. Kf1 Kd6 29. Ke2 e5 30. Ke3 Bf5 31. h4 Bb1 32. a3 Bc2 33. g4 Bd1 34. g5 Ke6 35. gxf6 Bxf3 36. Kxf3 exd4 37. a4 Kxf6 38. b4 Ke5 39. Ke2 Ke4 40. f3+ Kf4 41. Kd3 Kxf3 42. a5 bxa5 43. bxa5 Kg4 44. a6 Kxh4 45. a7 g5 46. a8Q 1-0

[Event "Uljanovsk Petrosian Memorial op"]
[Site "Uljanovsk"]
[Date "2006.05.27"]
[Round "1"]
[White "Krivosheev, Vladimir"]
[Black "Goncharov, Evgeni"]
[Result "1-0"]
[WhiteElo "2154"]
[BlackElo "1910"]
[PlyCount "81"]
[EventDate "2006.05.27"]
[EventType "swiss"]
[EventRounds "9"]
[EventCountry "RUS"]
[SourceTitle "EXT 2008"]
[Source "ChessBase"]
[SourceDate "2007.11.25"]
[SourceVersion "1"]
[SourceVersionDate "2007.11.25"]
[SourceQuality "1"]

1. e4 c6 2. d4 d5 3. exd5 cxd5 4. Bd3 Nc6 5. c3 Nf6 6. Bf4 g6 7. Nf3 Bg7 8. 0-0 Bg4 9. h3 Bxf3 10. Qxf3 0-0 11. Nd2 Rc8 12. Qe3 e6 13. Nf3 Na5 14. Ne5 Nh5 15. Bh6 Nc4 16. Bxc4 dxc4 17. Bxg7 Nxg7 18. g4 f6 19. Nf3 Qd5 20. Rfe1 Rc6 21. Qe4 Qxe4 22. Rxe4 Rd8 23. g5 f5 24. Re3 Rb6 25. Rb1 Ra6 26. a3 b5 27. Re5 Rb6 28. Rc5 Nh5 29. Ne5 Nf4 30. Kh2 a5 31. Rc7 Nd5 32. Ra7 b4 33. Nxc4 Rbb8 34. Re1 bxc3 35. bxc3 Rbc8 36. Ne5 Rxc3 37. Nf7 Re8 38. Nh6+ Kh8 39. Rxe6 Rxe6 40. Ra8+ Kg7 41. Rg8# 1-0